[Event "CZE-chT2F 2223"]
[Site "Czech Republic"]
[Date "2022.11.06"]
[Round "2"]
[White "Delgerdalai, Bayar Javkhla"]
[Black "Mrva, Marek"]
[Result "1/2-1/2"]
[WhiteElo "2132"]
[BlackElo "2127"]
[PlyCount "93"]
[EventDate "2022.10.16"]
[EventType "team-tourn"]
[EventRounds "11"]
[EventCountry "CZE"]
[SourceTitle "EXT 2024"]
[Source "ChessBase"]
[SourceDate "2023.10.10"]
[SourceVersion "1"]
[SourceVersionDate "2023.10.10"]
[SourceQuality "1"]
[WhiteTeam "Zlin"]
[BlackTeam "Ostrava II"]
[WhiteTeamCountry "CZE"]
[BlackTeamCountry "CZE"]

1. d4 Nf6 2. c4 c5 3. d5 e6 4. Nc3 exd5 5. cxd5 d6 6. Nf3 g6 7. Nd2 Bg7 8. e4 0-0 9. Be2 Na6 10. 0-0 Nc7 11. a4 b6 12. Re1 Rb8 13. Nc4 Re8 14. Bf3 Ba6 15. Na3 Nd7 16. Ncb5 Bxb5 17. Nxb5 Nxb5 18. axb5 Rb7 19. Qc2 Ne5 20. Be2 g5 21. Ra3 Qf6 22. Qc3 h6 23. b4 Qg6 24. bxc5 bxc5 25. Bf1 Rbe7 26. Qg3 f5 27. exf5 Qxf5 28. Rae3 Qf7 29. h4 g4 30. Re4 Kh8 31. Bf4 Qxd5 32. Qe3 Qe6 33. Qd2 Qg6 34. Kh1 Qf6 35. Bg3 Nf7 36. Rxe7 Rxe7 37. Rxe7 Qxe7 38. Qf4 Ne5 39. Qf5 Bf6 40. Bxe5 Qxe5 41. Qc8+ Kg7 42. Qxg4+ Kf8 43. Qc8+ Qe8 44. Qf5 Qe5 45. Qc8+ Qe8 46. Qf5 Qe5 47. Qc8+ 1/2-1/2

[Event "CZE-chT2E 2122"]
[Site "Czech Republic"]
[Date "2022.03.20"]
[Round "10.3"]
[White "Buchnicek, Petr"]
[Black "Delgerdalai, Bayar Javkhla"]
[Result "1/2-1/2"]
[WhiteElo "2296"]
[BlackElo "2086"]
[PlyCount "84"]
[EventDate "2021.10.17"]
[EventType "team-tourn"]
[EventRounds "11"]
[EventCountry "CZE"]
[SourceTitle "EXT 2024"]
[Source "ChessBase"]
[SourceDate "2023.10.10"]
[SourceVersion "1"]
[SourceVersionDate "2023.10.10"]
[SourceQuality "1"]
[WhiteTeam "Jundrov Jezdci II"]
[BlackTeam "Stare Mesto II"]
[WhiteTeamCountry "CZE"]
[BlackTeamCountry "CZE"]

1. e4 c5 2. c3 Nf6 3. e5 Nd5 4. d4 d6 5. f4 cxd4 6. cxd4 Nc6 7. Nf3 Bg4 8. Nc3 dxe5 9. fxe5 e6 10. Nxd5 Qxd5 11. Be3 Be7 12. Be2 Rd8 13. 0-0 0-0 14. a3 f6 15. h3 Bh5 16. exf6 Bxf6 17. Rc1 Qe4 18. Qd3 Qxd3 19. Bxd3 Bxf3 20. Rxf3 Nxd4 21. Rf2 Nf3+ 22. gxf3 Rxd3 23. Bxa7 Ra8 24. Bc5 Rb3 25. Kg2 Rc8 26. Rcc2 b6 27. Bb4 Rxc2 28. Rxc2 Rxb2 29. Rxb2 Bxb2 30. a4 Kf7 31. a5 bxa5 32. Bxa5 Kf6 33. Bd2 Bd4 34. Bc1 Kf5 35. Bd2 Bf6 36. Bc1 Bg5 37. Bb2 e5 38. Bc3 Bc1 39. Bb4 g5 40. Bd6 h5 41. Bc7 Be3 42. Bd6 Kf4 1/2-1/2

[Event "CZE-chT2E 2122"]
[Site "Czech Republic"]
[Date "2021.12.19"]
[Round "5.3"]
[White "Volcik, Ludek"]
[Black "Delgerdalai, Bayar Javkhla"]
[Result "1/2-1/2"]
[WhiteElo "2121"]
[BlackElo "2086"]
[PlyCount "85"]
[EventDate "2021.10.17"]
[EventType "team-tourn"]
[EventRounds "11"]
[EventCountry "CZE"]
[SourceTitle "EXT 2024"]
[Source "ChessBase"]
[SourceDate "2023.10.10"]
[SourceVersion "1"]
[SourceVersionDate "2023.10.10"]
[SourceQuality "1"]
[WhiteTeam "Borsice"]
[BlackTeam "Stare Mesto II"]
[WhiteTeamCountry "CZE"]
[BlackTeamCountry "CZE"]

1. Nf3 Nf6 2. g3 g6 3. Bg2 Bg7 4. 0-0 0-0 5. c4 d6 6. Nc3 c6 7. d4 Qa5 8. e4 e5 9. h3 Re8 10. Re1 exd4 11. Nxd4 Nbd7 12. Nb3 Qb4 13. Bf1 Ne5 14. a3 Qb6 15. Be3 Qc7 16. f4 Ned7 17. Qf3 Nb6 18. Nd4 Be6 19. b3 c5 20. Ndb5 Qc6 21. Rad1 Nc8 22. Bg2 a6 23. e5 Qxf3 24. Bxf3 axb5 25. exf6 Bxf6 26. Nxb5 Re7 27. Nxd6 Nxd6 28. Rxd6 Rxa3 29. Rd8+ Kg7 30. Bxc5 Rxb3 31. Kf2 Rd7 32. Bf8+ Kg8 33. Rxd7 Bxd7 34. Bc5 b6 35. Be3 Be6 36. Bd5 Bxd5 37. cxd5 Rd3 38. Bxb6 Rxd5 39. Re8+ Kg7 40. Rc8 Bd4+ 41. Bxd4+ Rxd4 42. Kf3 h5 43. Rc3 1/2-1/2

[Event "CZE-chT2E 2122"]
[Site "Czech Republic"]
[Date "2021.10.17"]
[Round "1.3"]
[White "Cagasik, Tomas"]
[Black "Delgerdalai, Bayar Javkhla"]
[Result "1-0"]
[WhiteElo "2138"]
[BlackElo "2086"]
[PlyCount "89"]
[EventDate "2021.10.17"]
[EventType "team-tourn"]
[EventRounds "11"]
[EventCountry "CZE"]
[SourceTitle "EXT 2024"]
[Source "ChessBase"]
[SourceDate "2023.10.10"]
[SourceVersion "1"]
[SourceVersionDate "2023.10.10"]
[SourceQuality "1"]
[WhiteTeam "Kromeriz Slavia II"]
[BlackTeam "Stare Mesto II"]
[WhiteTeamCountry "CZE"]
[BlackTeamCountry "CZE"]

1. Nf3 Nf6 2. c4 e6 3. b3 Be7 4. Bb2 b6 5. g3 Bb7 6. Bg2 0-0 7. 0-0 c5 8. Nc3 d5 9. cxd5 Nxd5 10. Nxd5 Bxd5 11. d3 Bf6 12. Qd2 Nd7 13. Rfd1 Bxb2 14. Qxb2 Qf6 15. Qxf6 Nxf6 16. Rac1 a5 17. d4 a4 18. dxc5 axb3 19. axb3 bxc5 20. Ne5 Bxb3 21. Bxa8 Bxd1 22. Bf3 Bb3 23. Rxc5 Bd5 24. Bxd5 Nxd5 25. e4 Ne7 26. Rc7 Re8 27. Nc4 Kf8 28. Rd7 Nc8 29. Rc7 Rd8 30. e5 Ne7 31. Nd6 f6 32. exf6 gxf6 33. Ne4 Kf7 34. Kg2 h6 35. f4 f5 36. Nf2 Kf6 37. Kf3 Nd5 38. Ra7 Rc8 39. Ra3 Rc3+ 40. Rxc3 Nxc3 41. Nd3 Ne4 42. Ne5 Nd2+ 43. Kg2 Ke7 44. Kh3 Nf1 45. Nc4 1-0